000 004420000a22001690004500
003 MACL
005 20160106175147.0
008 160106b xxu||||| |||| 00| 0 eng d
040 _aMACL
_cMACL
041 _aEnglish
082 _a900/SCH
100 _aSchlegel, Frederick
_929105
245 _aA course of Lectures of Modern History
260 _bGeorge Bell and Sons
_c1894
_aLondon
650 _aHistory
_929106
942 _cBK
_k900/SCH
_2ddc
999 _c38138
_d38138